Indian medicinal plants. Volume II, Plate /

Bibliografski detalji
Glavni autor: Kirtikar, Kanhoba Ranchoddas, 1849-1917
Daljnji autori: Basu, Baman Das, 1867-1930
Format: Knjiga
Jezik:English
Izdano: Dehra Dun, India : International Book Distributors, 2005.
Teme:
Classic Catalogue: View this record in Classic Catalogue
LEADER 01674nam a2200277 a 4500
003 BD-DhAAL
008 100517s2005 ii af 000 0 eng d
020 |a 8170892791 
040 |a DLC  |c DLC  |d DLC  |d BD-DhAAL 
082 0 0 |a 581.6/34/0954  |2 22 
100 1 |a Kirtikar, Kanhoba Ranchoddas,  |d 1849-1917.  |9 58772 
245 1 0 |a Indian medicinal plants.  |n Volume II,  |p Plate /  |c by K. R. Kirtikar. 
260 |a Dehra Dun, India :  |b International Book Distributors,  |c 2005. 
300 |a 268-514 pages :  |b ill., plates ;  |c 28 cm. 
362 0 |a Vol. 2 
505 0 |a v. 1-4. Text.--[5] Plates. 4 pts. Edited by B. D. Basu. 
526 |x Mustak Ibn Ayub Department of Mathematics and Natural Sciences Course name and no. "not available" 
541 1 |a Parash Publishers  |e 00019034  
650 0 |a Medicinal plants  |z India.  |9 58773 
650 0 |a Materia medica, Vegetable  |z India.  |9 58774 
700 1 |a Basu, Baman Das,  |d 1867-1930.  |9 58775 
852 4 |a Ayesha Abed Library  |j General Shelf 
942 |2 ddc  |c BK 
999 |c 8604  |d 8604 
952 |0 0  |1 0  |2 ddc  |4 0  |6 581_600000000000000_34_0954_KIR_2005  |7 0  |9 10249  |a BRACUL  |b BRACUL  |c GEN  |d 2010-05-17  |e Parash Publishers  |g 3750.00  |l 1  |m 9  |o 581.6340954 KIR  |p 3010019034  |r 2021-10-07  |s 2021-01-07  |t 1  |v 7500.00  |w 2010-05-17  |y BK  |x Requisitioned by Mustak Ibn Ayub, Department of Mathematics and Natural Sciences, Course name and no. "not available" 
952 |0 0  |1 0  |2 ddc  |4 0  |6 581_634095400000000_KIR_2005  |7 0  |9 10250  |a BRACUL  |b BRACUL  |c GEN  |d 2010-05-17  |e Parash Publishers  |g 3750.00  |l 1  |m 3  |o 581.6340954 KIR  |p 3010019035  |r 2025-02-09  |s 2025-01-17  |t 2  |v 7500.00  |w 2010-05-17  |y BK  |x Requisitioned by Mustak Ibn Ayub, Department of Mathematics and Natural Sciences, Course name and no. "not available"